Swedish bands and musicians - Sudden Death - Statistics

General Stats
  • This quiz has been taken 133 times
  • The average score is 7 of 16
Answers on the Grid
Answers color-coded by a green-red scale on the quiz's grid according to % correct below.
Europe
The Cardigans
Pandora
Avicii
Laleh
ABBA
Eagle-Eye Cherry
Gypsy
Coldplay
The Script
SZA
Zara Larsson
Hans Zimmer
Robyn
Rednex
Laufey
Ace of Base
Alcazar
Björk
Bryan Adams
Gotye
Shirley Clamp
The Vamps
First Aid Kit
Daft Punk
Måneskin
The Spotnicks
U2
Moonlight Agony
Lorde
 
Answer Stats
Answer % Correct
ABBA
92%
Avicii
72%
Zara Larsson
70%
Ace of Base
63%
Europe
54%
The Cardigans
48%
Robyn
46%
Laleh
40%
Rednex
36%
Alcazar
32%
Eagle-Eye Cherry
31%
First Aid Kit
28%
Pandora
22%
Shirley Clamp
17%
The Spotnicks
16%
Moonlight Agony
6%
No matching quizzes found
Score Distribution
Percent of People with Each Score
Percentile by Number Answered
Your Score History
You have not taken this quiz